General engineering for RRB, NHPC, IOL, DMRC, ONGC, SAIL, GAIL, UPCL and other public sector examinations (Record no. 113704)

MARC details
000 -LEADER
fixed length control field 00574 a2200181 4500
005 - DATE AND TIME OF LATEST TRANSACTION
control field 20240518103625.0
008 - FIXED-LENGTH DATA ELEMENTS--GENERAL INFORMATION
fixed length control field 240518b |||||||| |||| 00| 0 eng d
020 ## - INTERNATIONAL STANDARD BOOK NUMBER
International Standard Book Number 9789392837654
041 ## - Language Code
Language code of text/sound track or separate title English
080 ## - UNIVERSAL DECIMAL CLASSIFICATION NUMBER
Universal Decimal Classification number (079.1):62
Item number GAR/S R
100 ## - MAIN ENTRY--PERSONAL NAME
Personal name Garg,Vinit;ed.by
245 ## - TITLE STATEMENT
Title General engineering for RRB, NHPC, IOL, DMRC, ONGC, SAIL, GAIL, UPCL and other public sector examinations
260 ## - PUBLICATION, DISTRIBUTION, ETC. (IMPRINT)
Place of publication, distribution, etc Haryana
Name of publisher, distributor, etc G. K. Publications
Date of publication, distribution, etc 2022
300 ## - PHYSICAL DESCRIPTION
Extent Various Pagination
653 ## - INDEX TERM--UNCONTROLLED
Uncontrolled term Competitive examination guide
653 ## - INDEX TERM--UNCONTROLLED
Uncontrolled term General engineering
942 ## - ADDED ENTRY ELEMENTS (KOHA)
item type Reference
Holdings
Lost status Source of classification or shelving scheme Not for loan Home library Current library Date acquired Cost, normal purchase price Total Checkouts Full call number Barcode Date last seen Cost, replacement price Price effective from Koha item type
  Universal Decimal Classification Not For Loan University Library University Library 02/03/2024 476.00   (079.1):62 GAR/S R 00096245 02/03/2024 595.00 02/03/2024 Reference
University Library, CUSAT